UBT Library

Social work administration in health care / (Record no. 42340)

000 -LEADER
fixed length control field 00702cam a2200253 a 4500
001 - CONTROL NUMBER
control field 1895099
005 - DATE AND TIME OF LATEST TRANSACTION
control field 20180213034053.0
008 - FIXED-LENGTH DATA ELEMENTS--GENERAL INFORMATION
fixed length control field 840123s1984 nyua b 001 0 eng
010 ## - LIBRARY OF CONGRESS CONTROL NUMBER
LC control number 84000799
020 ## - INTERNATIONAL STANDARD BOOK NUMBER
International Standard Book Number 0917724429 :
Terms of availability $28.95
020 ## - INTERNATIONAL STANDARD BOOK NUMBER
International Standard Book Number 0866563148 (pbk.)
040 ## - CATALOGING SOURCE
Original cataloging agency DLC
Transcribing agency DLC
Modifying agency DLC
041 ## - LANGUAGE CODE
Language code of text/sound track or separate title eng
043 ## - GEOGRAPHIC AREA CODE
Geographic area code n-us---
060 ## - NATIONAL LIBRARY OF MEDICINE CALL NUMBER
Classification number W 322 S6733
080 ## - UNIVERSAL DECIMAL CLASSIFICATION NUMBER
Universal Decimal Classification number 362.10425068 LUR
082 00 - DEWEY DECIMAL CLASSIFICATION NUMBER
Classification number 362.10425068 LUR
Edition number 19
100 ## - Rafti
Rafti 50
101 ## - Shkurtesa
Shkurtesa SOC
245 00 - TITLE STATEMENT
Title Social work administration in health care /
Statement of responsibility, etc edited by Abraham Lurie, Gary Rosenberg.
504 ## - BIBLIOGRAPHY, ETC. NOTE
Bibliography, etc Includes bibliographies and index.
906 ## - LOCAL DATA ELEMENT F, LDF (RLIN)
a 7
b cbc
c orignew
d 1
e ocip
f 19
g y-gencatlg
942 ## - ADDED ENTRY ELEMENTS (KOHA)
Source of classification or shelving scheme
Item type Books
Holdings
Withdrawn status Lost status Source of classification or shelving scheme Damaged status Not for loan Collection code Permanent location Current location Shelving location Date acquired Total Checkouts Full call number Barcode Date last seen Price effective from Koha item type
          Koleksioni i përgjithshem UBT - Lipjan UBT - Lipjan Koleksioni i përgjithshem 02/13/2018   362.10425068 LUR 002-2998599 02/13/2018 02/13/2018 Books
UBT Library © 2015-2024. All rights reserved University Education for Business and Technology